[Event "Titled Tuesday intern op 28th Mar Late"]
[Site "Chess.com INT"]
[Date "2023.03.28"]
[Round "1"]
[White "Villalba, Marcelo"]
[Black "Mendonca, Leon Luke"]
[Result "0-1"]
[WhiteElo "2239"]
[BlackElo "2558"]
[PlyCount "98"]
[EventDate "2023.03.28"]
[EventType "swiss (blitz)"]
[EventRounds "11"]
[EventCountry "USA"]
[SourceTitle "EXT 2024"]
[Source "ChessBase"]
[SourceDate "2023.10.10"]
[SourceVersion "1"]
[SourceVersionDate "2023.10.10"]
[SourceQuality "1"]

1. e4 c6 2. Nf3 d5 3. Nc3 Bg4 4. h3 Bxf3 5. Qxf3 e6 6. d4 Nf6 7. Bd3 dxe4 8. Nxe4 Nxe4 9. Bxe4 Nd7 10. 0-0 Nf6 11. c3 Nxe4 12. Qxe4 Qd5 13. Re1 Be7 14. Bf4 0-0 15. Be5 Qxe4 16. Rxe4 Rfd8 17. Kf1 Rd5 18. Bf4 a5 19. Rae1 a4 20. a3 Bf6 21. Be5 Be7 22. Bf4 g5 23. Bg3 Kg7 24. h4 h6 25. hxg5 hxg5 26. Be5+ Kg6 27. Bg3 Rh8 28. Kg1 Rhd8 29. Re5 c5 30. dxc5 Bxc5 31. Rxd5 Rxd5 32. Re2 Rd1+ 33. Kh2 b6 34. Be5 f6 35. Bg3 Kf5 36. f3 e5 37. Bf2 Bxf2 38. Rxf2 Ke6 39. Kg3 f5 40. Re2 Kd5 41. Kf2 Rd3 42. g3 e4 43. fxe4+ fxe4 44. Kg2 g4 45. Kf2 b5 46. Kg2 e3 47. Kf1 Ke4 48. Kg2 Rd2 49. Kf1 Kf3 0-1

[Event "Titled Tuesday intern op 21st Mar Early"]
[Site "Chess.com INT"]
[Date "2023.03.21"]
[Round "8"]
[White "Villalba, Marcelo"]
[Black "Harsha, Bharathakoti"]
[Result "0-1"]
[WhiteElo "2239"]
[BlackElo "2608"]
[PlyCount "56"]
[EventDate "2023.03.21"]
[EventType "swiss (blitz)"]
[EventRounds "11"]
[EventCountry "USA"]
[SourceTitle "EXT 2024"]
[Source "ChessBase"]
[SourceDate "2023.10.10"]
[SourceVersion "1"]
[SourceVersionDate "2023.10.10"]
[SourceQuality "1"]

1. e4 e6 2. Qe2 Nc6 3. Nf3 e5 4. g3 Bc5 5. Bg2 d6 6. h3 Nge7 7. 0-0 0-0 8. Nc3 a6 9. d3 f5 10. Nd5 fxe4 11. dxe4 Nxd5 12. exd5 Ne7 13. c4 Nf5 14. Kh2 Bd7 15. g4 Ne7 16. Be3 b6 17. Ng5 Ng6 18. Be4 Nf4 19. Bxf4 Rxf4 20. Bxh7+ Kh8 21. h4 Bxg4 22. Qd2 Qf6 23. Kg3 Bd7 24. Be4 Rg4+ 25. Kh2 Rxh4+ 26. Kg3 Rg4+ 27. Kh2 Qh6+ 28. Nh3 Qxd2 0-1

[Event "Titled Tuesday intern op 21st Mar Early"]
[Site "Chess.com INT"]
[Date "2023.03.21"]
[Round "5"]
[White "Villalba, Marcelo"]
[Black "Larino Nieto, David"]
[Result "1-0"]
[WhiteElo "2239"]
[BlackElo "2375"]
[PlyCount "59"]
[EventDate "2023.03.21"]
[EventType "swiss (blitz)"]
[EventRounds "11"]
[EventCountry "USA"]
[SourceTitle "EXT 2024"]
[Source "ChessBase"]
[SourceDate "2023.10.10"]
[SourceVersion "1"]
[SourceVersionDate "2023.10.10"]
[SourceQuality "1"]

1. e4 e6 2. d4 a6 3. Nd2 Ne7 4. Bd3 b6 5. Ngf3 Bb7 6. 0-0 d6 7. Qe2 Nd7 8. Re1 h6 9. c3 g5 10. Nf1 Ng6 11. Ng3 g4 12. Nd2 h5 13. Qd1 h4 14. Ne2 g3 15. hxg3 hxg3 16. Nxg3 c5 17. Nf3 Qc7 18. Bg5 Be7 19. e5 dxe5 20. Bxg6 fxg6 21. Bxe7 Kxe7 22. Nxe5 Nxe5 23. Rxe5 Kf7 24. Qg4 Qc6 25. Ne4 cxd4 26. Rxe6 Qd5 27. Qxg6+ Kf8 28. Rf6+ Ke7 29. Qg7+ Kd8 30. Rd6+ 1-0

[Event "Titled Tuesday intern op 30th Aug Early"]
[Site "Chess.com INT"]
[Date "2022.08.30"]
[Round "4"]
[White "Villalba, Marcelo"]
[Black "Bifulco, Michel"]
[Result "0-1"]
[WhiteElo "2244"]
[BlackElo "2339"]
[PlyCount "98"]
[EventDate "2022.08.30"]
[EventType "swiss (blitz)"]
[EventRounds "11"]
[EventCountry "USA"]
[SourceTitle "EXT 2023"]
[Source "ChessBase"]
[SourceDate "2022.10.05"]
[SourceVersion "1"]
[SourceVersionDate "2022.10.05"]
[SourceQuality "1"]

1. e4 e5 2. Nf3 Nc6 3. Bb5 g6 4. 0-0 Bg7 5. Nc3 Nge7 6. d4 exd4 7. Nd5 0-0 8. Bg5 h6 9. Bf6 Bxf6 10. Nxf6+ Kg7 11. e5 Nf5 12. g4 Nxe5 13. Nh5+ gxh5 14. Nxe5 hxg4 15. Bd3 d6 16. Nxg4 Qg5 17. Kh1 Kh8 18. Rg1 Qf4 19. Nf6 Ng3+ 20. Rxg3 Qxf6 21. Qh5 Bd7 22. Rag1 Rg8 23. Be4 Bc6 24. Bxc6 bxc6 25. Rf3 Rxg1+ 26. Kxg1 Rg8+ 27. Kf1 Qg6 28. Qxg6 fxg6 29. Rf7 Rg7 30. Rf8+ Kh7 31. Ra8 c5 32. Rxa7 c6 33. Ra6 Rc7 34. Rb6 Kg7 35. a4 Kf6 36. a5 Ke6 37. Kg2 Kd7 38. Kf3 Ra7 39. a6 Kc7 40. Rb7+ Rxb7 41. axb7 Kxb7 42. Kf4 Kc7 43. h4 Kd7 44. h5 gxh5 45. Kg3 Ke6 46. Kh4 Kf5 47. Kxh5 c4 48. Kxh6 d3 49. cxd3 cxd3 0-1

[Event "Titled Tuesday intern op 30th Aug Early"]
[Site "Chess.com INT"]
[Date "2022.08.30"]
[Round "6"]
[White "Villalba, Marcelo"]
[Black "Ljukin, Sergei"]
[Result "0-1"]
[WhiteElo "2244"]
[BlackElo "2362"]
[PlyCount "80"]
[EventDate "2022.08.30"]
[EventType "swiss (blitz)"]
[EventRounds "11"]
[EventCountry "USA"]
[SourceTitle "EXT 2023"]
[Source "ChessBase"]
[SourceDate "2022.10.05"]
[SourceVersion "1"]
[SourceVersionDate "2022.10.05"]
[SourceQuality "1"]

1. d4 d5 2. Nf3 Nf6 3. e3 Bg4 4. c4 c6 5. Nc3 e6 6. Qb3 Qb6 7. c5 Qxb3 8. axb3 Bxf3 9. gxf3 Nbd7 10. f4 a6 11. Bd3 g6 12. Bd2 Bg7 13. f3 0-0 14. b4 Nh5 15. 0-0 Rad8 16. Na2 f6 17. Nc1 e5 18. Nb3 exf4 19. exf4 f5 20. Rae1 Kf7 21. Re2 Rfe8 22. Re5 Bh6 23. Na5 Nxe5 24. dxe5 Rd7 25. Re1 Bxf4 26. Bc3 d4 27. Bc4+ Ke7 28. e6 Rdd8 29. Nxb7 dxc3 30. Nxd8 Rxd8 31. bxc3 Rd2 32. Ra1 Bxh2+ 33. Kf1 Bg3 34. Rxa6 Rf2+ 35. Kg1 Nf4 36. Ra7+ Kf6 37. Bf1 Nxe6 38. Rxh7 Rc2 39. c4 Ng5 40. Bg2 Nxh7 0-1

[Event "Titled Tuesday intern op 18th Jan"]
[Site "Chess.com INT"]
[Date "2022.01.18"]
[Round "7"]
[White "Donchenko, Alexander"]
[Black "Villalba, Marcelo"]
[Result "1-0"]
[WhiteElo "2636"]
[BlackElo "2258"]
[PlyCount "165"]
[EventDate "2022.01.18"]
[EventType "swiss (blitz)"]
[EventRounds "11"]
[EventCountry "USA"]
[SourceTitle "CBM 206 Extra"]
[Source "ChessBase"]
[SourceDate "2022.03.31"]
[SourceVersion "1"]
[SourceVersionDate "2022.03.31"]
[SourceQuality "1"]

1. e4 e5 2. Nf3 Nc6 3. Bc4 Bc5 4. d3 Nf6 5. c3 d6 6. 0-0 a5 7. h3 h6 8. Re1 0-0 9. Nbd2 Be6 10. Bb5 Qb8 11. Nf1 Qa7 12. Be3 Qb6 13. Bxc6 Bxe3 14. Nxe3 bxc6 15. Re2 Rfe8 16. Qc2 c5 17. Nd2 Rab8 18. Ndc4 Bxc4 19. Nxc4 Qb5 20. a4 Qa6 21. Rf1 Nd7 22. f4 exf4 23. Rxf4 Ne5 24. Nxe5 dxe5 25. Rf3 Red8 26. Ref2 Rd7 27. Qe2 Rbd8 28. Kh2 Rxd3 29. Rxf7 Rxh3+ 30. Kxh3 Qxe2 31. Rxg7+ Kxg7 32. Rxe2 Kg6 33. Kg4 Rd3 34. Kh4 h5 35. g4 hxg4 36. Kxg4 Rd1 37. Kf3 c4 38. Rg2+ Kf6 39. Ke3 Ra1 40. Rh2 Rxa4 41. Kd2 Ra1 42. Rh6+ Ke7 43. Rc6 Kd7 44. Rxc4 a4 45. Rc5 Kd6 46. Ra5 Rb1 47. Kc2 Re1 48. Rxa4 c5 49. Rc4 Re2+ 50. Kb1 Rf2 51. Ka2 Re2 52. Ka3 Re3 53. Ka4 Re2 54. b4 cxb4 55. cxb4 Re1 56. b5 Rb1 57. Ka5 Ra1+ 58. Kb6 Rb1 59. Ka6 Ra1+ 60. Kb7 Rb1 61. b6 Kd7 62. Ka7 Ra1+ 63. Kb8 Rb1 64. b7 Rb2 65. Rc5 Rb4 66. Rxe5 Kd6 67. Rd5+ Kc6 68. Kc8 Rxb7 69. Rd4 Rh7 70. Kd8 Rh6 71. Ke7 Rh7+ 72. Kf6 Rh6+ 73. Kf7 Rh7+ 74. Kg6 Re7 75. Kf6 Rh7 76. e5 Rh6+ 77. Kf7 Rh1 78. e6 Rf1+ 79. Ke8 Kc5 80. Rd7 Kc6 81. e7 Rf2 82. Kd8 Ra2 83. e8Q 1-0

[Event "Titled Tuesday intern op 18th Jan"]
[Site "Chess.com INT"]
[Date "2022.01.18"]
[Round "6"]
[White "Halkias, Stelios"]
[Black "Villalba, Marcelo"]
[Result "0-1"]
[WhiteElo "2527"]
[BlackElo "2258"]
[PlyCount "66"]
[EventDate "2022.01.18"]
[EventType "swiss (blitz)"]
[EventRounds "11"]
[EventCountry "USA"]
[SourceTitle "CBM 206 Extra"]
[Source "ChessBase"]
[SourceDate "2022.03.31"]
[SourceVersion "1"]
[SourceVersionDate "2022.03.31"]
[SourceQuality "1"]

1. e4 e5 2. Nf3 Nc6 3. Bb5 a6 4. Ba4 Nf6 5. 0-0 Be7 6. Re1 b5 7. Bb3 d6 8. c3 0-0 9. d4 Bg4 10. Be3 exd4 11. cxd4 Na5 12. Bc2 Nc4 13. Bc1 c5 14. b3 Nb6 15. Nbd2 cxd4 16. Bb2 Rc8 17. h3 Bh5 18. Bxd4 Nbd7 19. Qb1 Re8 20. Nh4 Bf8 21. Nf5 Bg6 22. Qb2 Nh5 23. Nf1 Ne5 24. Rad1 Qc7 25. Bb1 Nf4 26. N1e3 Bh5 27. Rd2 Qd8 28. Bxe5 Rxe5 29. h4 g6 30. g3 gxf5 31. gxf4 Bf3 32. Qxe5 Qxh4 33. Ng2 Qg4 0-1

[Event "Titled Tuesday intern op 18th Jan"]
[Site "Chess.com INT"]
[Date "2022.01.18"]
[Round "1"]
[White "Nakamura, Hikaru"]
[Black "Villalba, Marcelo"]
[Result "1-0"]
[WhiteElo "2736"]
[BlackElo "2258"]
[PlyCount "89"]
[EventDate "2022.01.18"]
[EventType "swiss (blitz)"]
[EventRounds "11"]
[EventCountry "USA"]
[SourceTitle "CBM 206 Extra"]
[Source "ChessBase"]
[SourceDate "2022.03.31"]
[SourceVersion "1"]
[SourceVersionDate "2022.03.31"]
[SourceQuality "1"]

1. Nf3 d6 2. d4 Nf6 3. Nc3 g6 4. e4 Bg7 5. Bc4 0-0 6. Bb3 Nc6 7. Be3 Bg4 8. h3 Bxf3 9. Qxf3 e5 10. dxe5 dxe5 11. Bg5 Nd4 12. Qe3 Nxb3 13. axb3 c6 14. Rxa7 Rxa7 15. Qxa7 Qd4 16. Qxb7 Rd8 17. Be3 Qd6 18. 0-0 Rd7 19. Qa8+ Rd8 20. Qa1 Qb4 21. Rd1 Rxd1+ 22. Qxd1 h6 23. Qd3 Kh7 24. Qc4 Qa5 25. Qf1 Qb4 26. f3 Nh5 27. Qe1 f5 28. Qd2 f4 29. Bf2 Qa5 30. Qd1 g5 31. Na4 Bf8 32. c3 Ng7 33. b4 Qb5 34. Bc5 Bxc5+ 35. Nxc5 Qc4 36. Qd7 Qe2 37. Nd3 Kg6 38. Nxe5+ Kh7 39. Kh2 Qe1 40. Qg4 Qe2 41. h4 Qf2 42. hxg5 h5 43. Qxf4 Ne6 44. Qf5+ Kg7 45. Qf7+ 1-0

[Event "Titled Tuesday intern op 04th Jan"]
[Site "Chess.com INT"]
[Date "2022.01.04"]
[Round "10"]
[White "Gvanceladze, Anna"]
[Black "Villalba, Marcelo"]
[Result "1-0"]
[WhiteElo "2196"]
[BlackElo "2258"]
[PlyCount "69"]
[EventDate "2022.01.04"]
[EventType "swiss (blitz)"]
[EventRounds "11"]
[EventCountry "USA"]
[SourceTitle "EXT 2023"]
[Source "ChessBase"]
[SourceDate "2022.10.05"]
[SourceVersion "1"]
[SourceVersionDate "2022.10.05"]
[SourceQuality "1"]

1. e4 e5 2. Nf3 Nc6 3. Bb5 a6 4. Ba4 Nf6 5. 0-0 Be7 6. Re1 b5 7. Bb3 d6 8. c3 0-0 9. h3 Bb7 10. d4 Nd7 11. Nbd2 exd4 12. cxd4 Bf6 13. Nf1 Na5 14. Bc2 Re8 15. Ng3 g6 16. Bf4 Rc8 17. Qd2 Nc4 18. Qc1 c5 19. b3 cxd4 20. bxc4 bxc4 21. Ba4 Bc6 22. Qa3 Nc5 23. Bxc6 Rxc6 24. e5 dxe5 25. Nxe5 Bxe5 26. Rxe5 Nd3 27. Rxe8+ Qxe8 28. Bh6 c3 29. Rd1 g5 30. Bxg5 c2 31. Rxd3 Qe1+ 32. Kh2 c1Q 33. Bxc1 Rxc1 34. Nf5 Qe5+ 35. Rg3+ 1-0

[Event "Titled Tuesday intern op 04th Jan"]
[Site "Chess.com INT"]
[Date "2022.01.04"]
[Round "4"]
[White "Tsvetkov, Andrey1111"]
[Black "Villalba, Marcelo"]
[Result "1-0"]
[WhiteElo "2384"]
[BlackElo "2258"]
[PlyCount "47"]
[EventDate "2022.01.04"]
[EventType "swiss (blitz)"]
[EventRounds "11"]
[EventCountry "USA"]
[SourceTitle "EXT 2023"]
[Source "ChessBase"]
[SourceDate "2022.10.05"]
[SourceVersion "1"]
[SourceVersionDate "2022.10.05"]
[SourceQuality "1"]

1. d4 Nf6 2. c4 e6 3. Nc3 d5 4. Nf3 Nbd7 5. Bf4 dxc4 6. e3 a6 7. Bxc4 b5 8. Bd3 Bb7 9. 0-0 Bd6 10. Ne5 0-0 11. Rc1 Qe7 12. Qe2 c5 13. Rfd1 cxd4 14. exd4 Rac8 15. Bg5 Kh8 16. Nxd7 Qxd7 17. Bxf6 gxf6 18. Bxh7 Kxh7 19. Qh5+ Kg7 20. Qg4+ Kh7 21. Rd3 Bxh2+ 22. Kxh2 Qd6+ 23. Kg1 Rxc3 24. Rcxc3 1-0

[Event "Titled Tuesday intern op 04th Jan"]
[Site "Chess.com INT"]
[Date "2022.01.04"]
[Round "9"]
[White "Villalba, Marcelo"]
[Black "Dourerassou, Jonathan"]
[Result "1/2-1/2"]
[WhiteElo "2258"]
[BlackElo "2450"]
[PlyCount "68"]
[EventDate "2022.01.04"]
[EventType "swiss (blitz)"]
[EventRounds "11"]
[EventCountry "USA"]
[SourceTitle "EXT 2023"]
[Source "ChessBase"]
[SourceDate "2022.10.05"]
[SourceVersion "1"]
[SourceVersionDate "2022.10.05"]
[SourceQuality "1"]

1. e4 d5 2. exd5 Qxd5 3. Nc3 Qd8 4. Nf3 Nf6 5. d4 Bg4 6. Be2 e6 7. 0-0 c6 8. Bg5 Nbd7 9. Ne4 Be7 10. Nxf6+ Nxf6 11. c3 0-0 12. Ne5 Bxe2 13. Qxe2 Rc8 14. Rad1 Nd7 15. Bxe7 Qxe7 16. Nxd7 Qxd7 17. Rd3 Qd5 18. a3 Rfe8 19. Rfd1 g6 20. h4 e5 21. dxe5 Qxe5 22. Re3 Qb8 23. Rd7 Rxe3 24. Qxe3 Re8 25. Re7 Rd8 26. g3 Rd1+ 27. Kg2 Qd6 28. c4 Rd3 29. Qe4 Rd4 30. Qe2 Rd2 31. Qe3 Rd3 32. Qe4 Rd4 33. Qe2 Rd2 34. Qe3 Rd3 1/2-1/2

[Event "Titled Tuesday intern op 04th Jan"]
[Site "Chess.com INT"]
[Date "2022.01.04"]
[Round "8"]
[White "Villalba, Marcelo"]
[Black "Todorovic, Bojan"]
[Result "1-0"]
[WhiteElo "2258"]
[BlackElo "2222"]
[PlyCount "55"]
[EventDate "2022.01.04"]
[EventType "swiss (blitz)"]
[EventRounds "11"]
[EventCountry "USA"]
[SourceTitle "EXT 2023"]
[Source "ChessBase"]
[SourceDate "2022.10.05"]
[SourceVersion "1"]
[SourceVersionDate "2022.10.05"]
[SourceQuality "1"]

1. e4 g6 2. d4 Bg7 3. c4 d6 4. Nc3 Nf6 5. f3 0-0 6. Nge2 e5 7. Be3 c6 8. d5 Na6 9. Qd2 c5 10. g4 Nc7 11. Ng3 a6 12. Be2 b5 13. h4 bxc4 14. h5 Nb5 15. Nxb5 axb5 16. Kf2 Qa5 17. Qc1 Ne8 18. Bh6 f5 19. Bxg7 Nxg7 20. hxg6 hxg6 21. gxf5 gxf5 22. Qh6 Ra7 23. Rag1 f4 24. Nh5 Rff7 25. Qh8+ Kxh8 26. Nf6+ Nh5 27. Rxh5+ Rh7 28. Rg8# 1-0

[Event "Titled Tuesday intern op 21st Dec"]
[Site "Chess.com INT"]
[Date "2021.12.21"]
[Round "2"]
[White "Gledura, Benjamin"]
[Black "Villalba, Marcelo"]
[Result "1-0"]
[WhiteElo "2652"]
[BlackElo "2258"]
[PlyCount "97"]
[EventDate "2021.12.21"]
[EventType "swiss (blitz)"]
[EventRounds "11"]
[EventCountry "USA"]
[SourceTitle "CBM 205 Extra"]
[Source "ChessBase"]
[SourceDate "2022.01.31"]
[SourceVersion "1"]
[SourceVersionDate "2022.01.31"]
[SourceQuality "1"]

1. Nf3 d6 2. d4 g6 3. e4 Bg7 4. Be2 Nf6 5. Nc3 0-0 6. 0-0 c5 7. d5 b6 8. a4 a6 9. Nd2 e5 10. Nc4 Ne8 11. Rb1 f5 12. b4 Nd7 13. bxc5 bxc5 14. a5 Ra7 15. exf5 gxf5 16. f4 e4 17. Na4 Kh8 18. Nab6 Nxb6 19. axb6 Re7 20. Bb2 Rg8 21. Kh1 Nf6 22. Ne3 Qd7 23. Qe1 Bb7 24. Bc4 Ng4 25. Nxg4 Bxb2 26. Rxb2 Rxg4 27. Qe2 Reg7 28. Rg1 Qc8 29. Qe3 Qg8 30. c3 Qd8 31. Ra1 Qc8 32. Bf1 h5 33. c4 h4 34. Qc3 Kh7 35. Qf6 R4g6 36. Qxh4+ Rh6 37. Qe1 Kg6 38. Ra3 Kf7 39. h3 Rhg6 40. Rba2 Qh8 41. Qa1 Qh6 42. Rxa6 Qxf4 43. Ra7 Kg8 44. Rxb7 Rxb7 45. Ra8+ Kf7 46. Ra7 Re7 47. Rxe7+ Kxe7 48. b7 Rh6 49. b8Q 1-0

[Event "Titled Tuesday intern op 07th Dec"]
[Site "Chess.com INT"]
[Date "2021.12.07"]
[Round "1"]
[White "Paichadze, Luka"]
[Black "Villalba, Marcelo"]
[Result "0-1"]
[WhiteElo "2566"]
[BlackElo "2258"]
[PlyCount "36"]
[EventDate "2021.12.07"]
[EventType "swiss (blitz)"]
[EventRounds "11"]
[EventCountry "USA"]
[SourceTitle "CBM 205 Extra"]
[Source "ChessBase"]
[SourceDate "2022.01.31"]
[SourceVersion "1"]
[SourceVersionDate "2022.01.31"]
[SourceQuality "1"]

1. e4 e5 2. d4 exd4 3. Qxd4 Nc6 4. Qe3 Nf6 5. Nc3 Bb4 6. Bd2 0-0 7. 0-0-0 Re8 8. Qf4 d6 9. f3 Qe7 10. g4 Qe5 11. Qg3 Qa5 12. Kb1 Be6 13. a3 Bxa3 14. bxa3 Qxa3 15. Re1 Nb4 16. Bd3 Ba2+ 17. Ka1 Nxd3 18. cxd3 Bc4+ 0-1